Medical Sociology (Record no. 8192)

MARC details
000 -LEADER
fixed length control field 00574nam a22002177a 4500
003 - CONTROL NUMBER IDENTIFIER
control field OSt
005 - DATE AND TIME OF LATEST TRANSACTION
control field 20231010083310.0
008 - FIXED-LENGTH DATA ELEMENTS--GENERAL INFORMATION
fixed length control field 231010b |||||||| |||| 00| 0 eng d
020 ## - INTERNATIONAL STANDARD BOOK NUMBER
International Standard Book Number 9781032067933
040 ## - CATALOGING SOURCE
Transcribing agency DNLM
082 ## - DEWEY DECIMAL CLASSIFICATION NUMBER
Classification number W322 C645m 2022
100 ## - MAIN ENTRY--PERSONAL NAME
Personal name Cockerham, William C.
9 (RLIN) 16721
245 ## - TITLE STATEMENT
Title Medical Sociology
250 ## - EDITION STATEMENT
Edition statement 5th ed.
260 ## - PUBLICATION, DISTRIBUTION, ETC. (IMPRINT)
Place of publication, distribution, etc. New York; Routledge, 2022
300 ## - PHYSICAL DESCRIPTION
Extent xii,454p; ill: 24.5cm
500 ## - GENERAL NOTE
General note References, & index included
650 ## - SUBJECT ADDED ENTRY--TOPICAL TERM
Topical term or geographic name as entry element Medical social worker
9 (RLIN) 16722
650 ## - SUBJECT ADDED ENTRY--TOPICAL TERM
Topical term or geographic name as entry element Medical sociology
9 (RLIN) 9690
942 ## - ADDED ENTRY ELEMENTS (KOHA)
Source of classification or shelving scheme Other/Generic Classification Scheme
Koha item type Open Shelf
Holdings
Withdrawn status Lost status Source of classification or shelving scheme Damaged status Not for loan Home library Current library Date acquired Inventory number Total Checkouts Full call number Barcode Date last seen Koha item type
    Other/Generic Classification Scheme     MUST Main Library MUST Main Library 10/10/2023 23/42167   W322 C645m 2022 2023-0599 10/10/2023 Open Shelf
    Other/Generic Classification Scheme     MUST Main Library MUST Main Library 10/10/2023 23/42168   W322 C645m 2022 2023-0600 10/10/2023 Open Shelf